[Event "?"]
[Site "ICC 2 19 11/16/97, Internet C"]
[Date "1997.??.??"]
[Round "?"]
[White "Brause"]
[Black "oldtimer"]
[Result "1-0"]
[WhiteElo "2490"]
[BlackElo "2385"]
[PlyCount "39"]

1. e4 e5 2. Nf3 Nc6 3. Nc3 Nf6 4. Nxe5 Nxe5 5. d4 Ng6 6. e5 Ng8 7. Bc4 d6 8.
Qf3 Qd7 9. O-O Qf5 10. Qe2 dxe5 11. f4 e4 12. Nxe4 N6e7 13. Ng3 Qd7 14. c3 f5
15. Re1 Qd6 16. Qh5+ g6 17. Qf3 Bg7 18. b3 c6 19. a4 Kf8 20. Ba3 1-0

[Event "?"]
[Site "ICC 2 19 10/18/97, Internet C"]
[Date "1997.??.??"]
[Round "?"]
[White "Brause"]
[Black "oldtimer"]
[Result "1-0"]
[WhiteElo "2465"]
[BlackElo "2410"]
[PlyCount "35"]

1. e4 e5 2. Nf3 Nc6 3. Nc3 Nf6 4. Nxe5 Nxe5 5. d4 Ng6 6. e5 Ng8 7. Bc4 d6 8.
Qf3 Qd7 9. O-O Qf5 10. Qe2 dxe5 11. f4 e4 12. Nxe4 N6e7 13. Ng3 Qd7 14. c3 f5
15. Re1 Nf6 16. Bd3 g6 17. Qe5 Qd6 18. b3 1-0

[Event "?"]
[Site "ICC 2 19 11/17/97, Internet C"]
[Date "1997.??.??"]
[Round "?"]
[White "Brause"]
[Black "oldtimer"]
[Result "1-0"]
[WhiteElo "2440"]
[BlackElo "2375"]
[PlyCount "53"]

1. e4 e5 2. Nf3 Nc6 3. Nc3 Nf6 4. Nxe5 Nxe5 5. d4 Ng6 6. e5 Ng8 7. Bc4 d6 8.
Qf3 Qd7 9. O-O Qf5 10. Qe2 dxe5 11. f4 e4 12. Nxe4 N6e7 13. Ng3 Qd7 14. c3 f5
15. Re1 Qd6 16. Qh5+ g6 17. Qf3 c6 18. a4 Bd7 19. b3 O-O-O 20. Ba3 Qf6 21. Bc5
Kb8 22. d5 Nxd5 23. Bd4 Bc5 24. Bxc5 Nxc3 25. Qe3 Bc8 26. Bxa7+ Ka8 27. Bb6 1-0

[Event "?"]
[Site "ICC 2 19 11/17/97, Internet C"]
[Date "1997.??.??"]
[Round "?"]
[White "Brause"]
[Black "oldtimer"]
[Result "0-1"]
[WhiteElo "2450"]
[BlackElo "2360"]
[PlyCount "173"]

1. e4 e5 2. Nf3 Nc6 3. Nc3 Nf6 4. Nxe5 Nxe5 5. d4 Ng6 6. e5 Ng8 7. Bc4 d6 8.
Qf3 Qd7 9. O-O Qf5 10. Qe2 dxe5 11. f4 e4 12. Nxe4 N6e7 13. Ng3 Qd7 14. c3 f5
15. Re1 c6 16. Bxg8 Rxg8 17. Qh5+ g6 18. Qxh7 Qd5 19. Qh4 Qf7 20. a4 Bd7 21. a5
a6 22. Bd2 O-O-O 23. Rad1 Re8 24. Nf1 Kb8 25. Ne3 Bg7 26. Qg3 Nc8 27. Bc1 Nd6
28. Qf3 Be6 29. b4 Nc4 30. Qg3 Bd5 31. h3 Nxe3 32. Bxe3 Re4 33. Bd2 Rge8 34.
Re3 Rxe3 35. Bxe3 Bf6 36. Re1 Re6 37. Kh2 Qe8 38. Bf2 Rxe1 39. Bxe1 Bf7 40. Bf2
Qe4 41. Be1 Kc7 42. Bd2 Kd7 43. Be1 Ke7 44. Bf2 Kf8 45. Be1 Kg7 46. Qf2 Bd5 47.
Bd2 Bh4 48. Qf1 Bb3 49. g3 Bf6 50. g4 Qd5 51. Be3 Bc4 52. Qe1 Bd8 53. Bd2 Qe4
54. gxf5 Qxe1 55. Bxe1 gxf5 56. Kg3 Kg6 57. Kg2 Kh5 58. Bd2 Bh4 59. Kf3 Bd5+
60. Ke3 Bg3 61. Kd3 Kh4 62. c4 Be4+ 63. Ke3 Kxh3 64. d5 cxd5 65. cxd5 Bxd5 66.
Bc3 Kg4 67. Be5 Be1 68. Bd6 Bc3 69. Kd3 Bf6 70. Ke2 Be4 71. Ke3 Bc3 72. Bc7
Bxb4 73. Ke2 Bc5 74. Bb8 Kg3 75. Bc7 Kg2 76. Be5 Bf2 77. Bc7 Bc6 78. Bd6 Bb5+
79. Kd2 Kf3 80. Kc2 Be3 81. Kb3 Bxf4 82. Bb4 Be5 83. Bc5 Ke2 84. Be7 f4 85. Bd8
f3 86. Bh4 Bd6 87. Kc3 0-1

[Event "?"]
[Site "ICC 2 19 11/17/97, Internet C"]
[Date "1997.??.??"]
[Round "?"]
[White "Brause"]
[Black "oldtimer"]
[Result "0-1"]
[WhiteElo "2430"]
[BlackElo "2380"]
[PlyCount "145"]

1. e4 e5 2. Nf3 Nc6 3. Nc3 Nf6 4. Nxe5 Nxe5 5. d4 Ng6 6. e5 Ng8 7. Bc4 d6 8.
Qf3 Qd7 9. O-O Qf5 10. Qe2 dxe5 11. f4 e4 12. Nxe4 N6e7 13. Ng3 Qd7 14. c3 f5
15. Re1 c6 16. Bxg8 Rxg8 17. Qh5+ g6 18. Qxh7 Qd5 19. a4 Qf7 20. Qh3 Be6 21.
Nf1 Bd5 22. Nd2 Bg7 23. Nf3 Bxf3 24. Qxf3 O-O-O 25. a5 a6 26. Bd2 Rge8 27. Re2
Nd5 28. Rf2 Nf6 29. Be1 Qc4 30. Rd2 Re4 31. Bh4 Rde8 32. Qg3 Ng4 33. Qf3 Re3
34. Qd1 Bf6 35. Bxf6 Nxf6 36. Qf1 Qxf1+ 37. Kxf1 Ne4 38. Rc2 Nd6 39. g3 Rd3 40.
Re2 Rf3+ 41. Ke1 Rfe3 42. Rxe3 Rxe3+ 43. Kf2 Re8 44. Rd1 Nc4 45. b4 Nd6 46. Rd3
Kd7 47. h3 Ke6 48. Ke2 Kd5+ 49. Kd1 Nc4 50. Rf3 Re3 51. Rxe3 Nxe3+ 52. Kd2 Ke4
53. Ke2 Nc4 54. g4 fxg4 55. hxg4 Ne3 56. f5 gxf5 57. g5 f4 58. g6 Nf5 59. Kf2
Ng7 60. Ke2 Ne6 61. Kd2 Kf5 62. c4 Kxg6 63. d5 cxd5 64. cxd5 Nd4 65. Kd3 f3 66.
Ke3 Kf5 67. d6 Ke6 68. Kf2 Kxd6 69. Kf1 Ke5 70. Kg1 Ke4 71. Kf2 Kf4 72. Kf1 Ke3
73. Kg1 0-1

[Event "?"]
[Site "ICC 2 19 11/18/97, Internet C"]
[Date "1997.??.??"]
[Round "?"]
[White "Brause"]
[Black "oldtimer"]
[Result "1/2-1/2"]
[WhiteElo "2525"]
[BlackElo "2400"]
[PlyCount "147"]

1. e4 e5 2. Nf3 Nc6 3. Nc3 Nf6 4. Nxe5 Nxe5 5. d4 Ng6 6. e5 Ng8 7. Bc4 d6 8.
Qf3 Qd7 9. O-O Qf5 10. Qe2 dxe5 11. f4 e4 12. Nxe4 N6e7 13. Ng3 Qd7 14. c3 f5
15. Re1 c6 16. Bxg8 Rxg8 17. Qh5+ g6 18. Qxh7 Qd5 19. b3 Qf7 20. Qxf7+ Kxf7 21.
c4 Bd7 22. Ba3 Nc8 23. Bxf8 Rxf8 24. Re5 Nd6 25. Rae1 Rae8 26. d5 cxd5 27. cxd5
Kf6 28. Kf2 Nf7 29. Rxe8 Rxe8 30. Rxe8 Bxe8 31. Ke3 Ke7 32. Kd4 Kd6 33. h3 Nh6
34. Nf1 Ng8 35. a4 b5 36. axb5 Bxb5 37. Ne3 Nf6 38. g4 fxg4 39. hxg4 Be2 40. g5
Ng4 41. Nc2 Bd1 42. Na3 Bxb3 43. Nb5+ Kd7 44. Nxa7 Bc2 45. Nc6 Kd6 46. Nd8 Bf5
47. Nf7+ Ke7 48. Nh6 Bd7 49. Kc5 Nf2 50. Kd4 Bh3 51. Ke3 Nd1+ 52. Kd4 Nf2 53.
Ke3 Ng4+ 54. Kf3 Nxh6 55. gxh6 Kf7 56. Kg3 Bc8 57. Kf3 Kg8 58. Ke4 Kh7 59. Ke5
Kxh6 60. Kf6 Kh7 61. Ke7 Kh6 62. Kf6 Bg4 63. d6 Bc8 64. Ke7 Kh5 65. Kf6 Bg4 66.
Ke7 Bf5 67. Kf7 Kh6 68. Ke7 Kg7 69. d7 Bxd7 70. Kxd7 Kf7 71. Kd8 Kf6 72. Ke8
Kf5 73. Kf7 Kxf4 74. Kxg6 1/2-1/2

[Event "?"]
[Site "ICC 2 19 11/18/97, Internet C"]
[Date "1997.??.??"]
[Round "?"]
[White "Brause"]
[Black "oldtimer"]
[Result "0-1"]
[WhiteElo "2520"]
[BlackElo "2405"]
[PlyCount "86"]

1. e4 e5 2. Nf3 Nc6 3. Nc3 Nf6 4. Nxe5 Nxe5 5. d4 Ng6 6. e5 Ng8 7. Bc4 d6 8.
Qf3 Qd7 9. O-O Qf5 10. Qe2 dxe5 11. f4 e4 12. Nxe4 N6e7 13. Ng3 Qd7 14. c3 f5
15. Re1 c6 16. Bxg8 Rxg8 17. Qh5+ g6 18. Qxh7 Qd5 19. Bd2 Qf7 20. Qh3 Bg7 21.
Nf1 Be6 22. Qe3 Kd7 23. a4 Rge8 24. a5 Bc4 25. Qg3 Bxf1 26. Kxf1 a6 27. Re3 Nd5
28. Rd3 Nf6 29. Be3 Re4 30. Kg1 Rae8 31. Rf1 Qc4 32. Bc1 Qf7 33. Be3 Bf8 34.
Bd2 Bd6 35. Bc1 Nh5 36. Qg5 Be7 37. Qh6 Bf6 38. g4 Rh8 39. Qxh8 Bxh8 40. gxh5
gxh5 41. Rd2 h4 42. b4 Qe6 43. Rdf2 Re1 0-1

[Event "?"]
[Site "ICC 2 19 11/18/97, Internet C"]
[Date "1997.??.??"]
[Round "?"]
[White "Brause"]
[Black "oldtimer"]
[Result "1-0"]
[WhiteElo "2400"]
[BlackElo "2425"]
[PlyCount "117"]

1. e4 e5 2. Nf3 Nc6 3. Nc3 Nf6 4. Nxe5 Nxe5 5. d4 Ng6 6. e5 Ng8 7. Bc4 d6 8.
Qf3 Qd7 9. O-O Qf5 10. Qe2 dxe5 11. f4 e4 12. Nxe4 N6e7 13. Ng3 Qd7 14. c3 f5
15. Re1 c6 16. Bxg8 Rxg8 17. Qh5+ g6 18. Qxh7 Qd5 19. Qh4 Qf7 20. a4 Be6 21. a5
a6 22. Bd2 O-O-O 23. Nf1 Bd5 24. Qg5 Rd7 25. Ne3 Be4 26. Ng4 fxg4 27. Rxe4 Qf5
28. Rae1 Qxg5 29. fxg5 Nf5 30. Rxg4 c5 31. Re8+ Rd8 32. Rxd8+ Kxd8 33. d5 Bd6
34. Re4 Re8 35. Rxe8+ Kxe8 36. g4 Nh4 37. Kf2 Bxh2 38. c4 Be5 39. b3 Kd7 40.
Ke3 Bd4+ 41. Ke4 Bf2 42. b4 Kd6 43. Bf4+ Ke7 44. Bd2 Ng2 45. bxc5 Bxc5 46. Kf3
Kd6 47. Kxg2 Ke5 48. Kf3 Kd4 49. Bf4 Kxc4 50. Ke4 b5 51. axb6 Bxb6 52. Ke5 a5
53. d6 a4 54. Kf6 a3 55. Kxg6 Kd5 56. Kf5 a2 57. Be5 Bd4 58. d7 Bxe5 59. d8=Q+
1-0

[Event "?"]
[Site "ICC 30 30 09/08/97, Internet "]
[Date "1997.??.??"]
[Round "?"]
[White "Brause"]
[Black "Vibora"]
[Result "1-0"]
[WhiteElo "2420"]
[BlackElo "2440"]
[PlyCount "91"]

1. e4 e5 2. Nf3 Nc6 3. Nc3 Nf6 4. Nxe5 Nxe5 5. d4 Nc6 6. d5 Ne5 7. f4 Ng6 8. e5
Ng8 9. d6 cxd6 10. exd6 Qa5 11. h4 h5 12. Be3 Qb4 13. Qe2 Kd8 14. O-O-O Nxf4
15. Qf2 Ne6 16. a3 Qg4 17. Be2 Qg6 18. Bxa7 Ke8 19. Nb5 Nf6 20. Bc4 Ne4 21. Qe3
Rxa7 22. Qxa7 Qg3 23. Bd5 Nxd6 24. Qb8 Qe3+ 25. Kb1 Qc5 26. Bxe6 Qxb5 27. Rxd6
Bxd6 28. Qxc8+ Ke7 29. Qxh8 dxe6 30. Qxg7 Be5 31. Qg5+ Ke8 32. c3 Qd3+ 33. Kc1
Bxc3 34. bxc3 Qxc3+ 35. Kd1 Qd3+ 36. Qd2 Qxa3 37. Ke2 Qa4 38. Rc1 Qg4+ 39. Kf1
e5 40. Qh6 Qd4 41. Qg5 Qd3+ 42. Kg1 Qd4+ 43. Kh1 Kd7 44. Qf5+ Kd6 45. Qf6+ Kd7
46. Qxf7+ 1-0

[Event "?"]
[Site "ICC 30 0 10/09/97, Internet C"]
[Date "1997.??.??"]
[Round "?"]
[White "Brause"]
[Black "Ikegami"]
[Result "0-1"]
[WhiteElo "2355"]
[BlackElo "2285"]
[PlyCount "141"]

1. e4 e5 2. Nf3 Nc6 3. Nc3 Nf6 4. Nxe5 Nxe5 5. d4 Ng6 6. e5 Ng8 7. Bc4 Bb4 8.
Qf3 Bxc3+ 9. bxc3 Qe7 10. O-O f6 11. exf6 Qxf6 12. Qh5 d6 13. Bg5 Qf5 14. Rfe1+
Kf8 15. Bxg8 h6 16. Bd5 Qxg5 17. Qf3+ Qf6 18. Re3 Qxf3 19. Rxf3+ Ke7 20. Rf7+
Kd8 21. Rxg7 Nf4 22. Bf3 Ne6 23. Rg6 Ng5 24. Bd5 Bf5 25. Bxb7 Rb8 26. Rf6 Bxc2
27. Bd5 Rb2 28. Re1 Ne4 29. Rf3 h5 30. h3 Nd2 31. Rf7 Ba4 32. Rfe7 Bb5 33. f4
Rc2 34. R7e3 Rf8 35. g3 h4 36. a4 Bxa4 37. Ra1 Re8 38. Rxe8+ Bxe8 39. gxh4 Rxc3
40. Kf2 Rd3 41. Rxa7 Rxd4 42. Bb7 c5 43. f5 Rxh4 44. f6 Ne4+ 45. Bxe4 Rxe4 46.
Kg3 Re3+ 47. Kf4 Re1 48. h4 c4 49. Ra8+ Kd7 50. Ra7+ Kc6 51. Ra3 Kc5 52. Kg5
Kd4 53. Ra6 c3 54. Rxd6+ Ke5 55. Rd8 Rg1+ 56. Kh6 c2 57. Rxe8+ Kxf6 58. Rf8+
Ke7 59. Rc8 c1=Q+ 60. Rxc1 Rxc1 61. Kg6 Rf1 62. Kg5 Kf7 63. Kg4 Kg6 64. Kg3 Kh5
65. Kg2 Rf4 66. Kg3 Rf6 67. Kh3 Rg6 68. Kh2 Kxh4 69. Kh1 Kg3 70. Kg1 Rf6 71.
Kh1 0-1

[Event "?"]
[Site "ICC 3 0 10/30/97, Internet Ch"]
[Date "1997.??.??"]
[Round "?"]
[White "Brause"]
[Black "ELLI"]
[Result "1-0"]
[WhiteElo "2520"]
[BlackElo "2065"]
[PlyCount "38"]

1. e4 e5 2. Nf3 Nc6 3. Nc3 Nf6 4. Nxe5 Nxe5 5. d4 Ng6 6. e5 Ng8 7. Bc4 Bb4 8.
Qf3 Bxc3+ 9. bxc3 Qe7 10. O-O Nh4 11. Qg4 Ng6 12. Qf3 Rb8 13. Re1 b5 14. Rb1
Bb7 15. Rxb5 c6 16. Rb1 Nh6 17. Bxh6 gxh6 18. Ba6 O-O 19. Bxb7 Nh4 1-0

[Event "?"]
[Site "ICC 3 0 09/03/97, Internet Ch"]
[Date "1997.??.??"]
[Round "?"]
[White "Brause"]
[Black "PXWang"]
[Result "1-0"]
[WhiteElo "2435"]
[BlackElo "2450"]
[PlyCount "35"]

1. e4 e5 2. Nf3 Nc6 3. Nc3 Nf6 4. Nxe5 Nxe5 5. d4 Nc6 6. d5 Ne5 7. f4 Ng6 8. e5
Ng8 9. d6 cxd6 10. exd6 a6 11. Qe2+ Be7 12. dxe7 Qxe7 13. Nd5 Qxe2+ 14. Bxe2
Kd8 15. Be3 d6 16. Bb6+ Kd7 17. Bd4 f6 18. Nb6+ 1-0

[Event "?"]
[Site "ICC 3 0 09/15/97, Internet Ch"]
[Date "1997.??.??"]
[Round "?"]
[White "Brause"]
[Black "babulina"]
[Result "1-0"]
[WhiteElo "2570"]
[BlackElo "2185"]
[PlyCount "42"]

1. e4 e5 2. Nf3 Nc6 3. Nc3 Nf6 4. Nxe5 Nxe5 5. d4 Ng6 6. e5 Ng8 7. Bc4 Bb4 8.
Qf3 Qe7 9. O-O Bxc3 10. bxc3 Rb8 11. Re1 b6 12. Qg3 Bb7 13. Bg5 Qf8 14. Bd3
N8e7 15. e6 d6 16. exf7+ Kxf7 17. Qe3 Qe8 18. Bxe7 Nxe7 19. Qf4+ Kg8 20. Bc4+
d5 21. Qxc7 dxc4 1-0

[Event "?"]
[Site "ICC 3 0 08/28/97, Internet Ch"]
[Date "1997.??.??"]
[Round "?"]
[White "Brause"]
[Black "ELLI"]
[Result "1-0"]
[WhiteElo "2395"]
[BlackElo "2100"]
[PlyCount "79"]

1. e4 e5 2. Nf3 Nc6 3. Nc3 Nf6 4. Nxe5 Nxe5 5. d4 Ng6 6. e5 Ng8 7. Bc4 d5 8.
Bxd5 Be6 9. Bxb7 Rb8 10. Bc6+ Bd7 11. Bf3 Bb4 12. O-O Bxc3 13. bxc3 N8e7 14.
Ba3 O-O 15. Bc5 a6 16. Rb1 Bb5 17. Re1 h6 18. Ba7 Rc8 19. Bb7 Qd7 20. Bxc8 Nxc8
21. Bc5 Rd8 22. Qf3 Nce7 23. Rb2 Nc6 24. Reb1 Kh7 25. a3 Bc4 26. Rb7 Bd5 27.
Qd3 Ncxe5 28. Qxa6 Bxb7 29. Rxb7 Ng4 30. h3 Nxf2 31. Kxf2 Qf5+ 32. Kg1 Qxc2 33.
Rxc7 Qxc3 34. Rxf7 Qe1+ 35. Kh2 Re8 36. Qb7 Rg8 37. a4 Nh4 38. Bf8 Qe8 39.
Rxg7+ Rxg7 40. Qxg7# 1-0

[Event "?"]
[Site "ICC 3 0 08/28/97, Internet Ch"]
[Date "1997.??.??"]
[Round "?"]
[White "Brause"]
[Black "ELLI"]
[Result "1-0"]
[WhiteElo "2415"]
[BlackElo "2080"]
[PlyCount "63"]

1. e4 e5 2. Nf3 Nc6 3. Nc3 Nf6 4. Nxe5 Nxe5 5. d4 Ng6 6. e5 Ng8 7. Bc4 d6 8.
Qf3 Be6 9. Qxb7 Bxc4 10. Qc6+ Ke7 11. exd6+ cxd6 12. Qxc4 Nf6 13. O-O Kd7 14.
Qxf7+ Qe7 15. Qc4 Rc8 16. Qb5+ Kd8 17. Bg5 h6 18. Rae1 Qd7 19. Bxf6+ gxf6 20.
Qa5+ Qc7 21. Qf5 Qf7 22. Re6 Be7 23. Nb5 Nh4 24. Rxd6+ Bxd6 25. Qxc8+ Kxc8 26.
Nxd6+ Kd7 27. Nxf7 Rb8 28. b3 Nf5 29. g4 Nxd4 30. Rd1 Ke7 31. Rxd4 Kxf7 32.
Rd7+ 1-0

[Event "?"]
[Site "ICC 3 0 08/28/97, Internet Ch"]
[Date "1997.??.??"]
[Round "?"]
[White "Brause"]
[Black "ELLI"]
[Result "1-0"]
[WhiteElo "2420"]
[BlackElo "2075"]
[PlyCount "27"]

1. e4 e5 2. Nf3 Nc6 3. Nc3 Nf6 4. Nxe5 Nxe5 5. d4 Ng6 6. e5 Ng8 7. Bc4 Bb4 8.
Qf3 Bxc3+ 9. bxc3 Qe7 10. O-O h6 11. Ba3 d6 12. Qg3 Be6 13. exd6 cxd6 14. Bxe6
1-0

[Event "?"]
[Site "ICC 3 0 08/28/97, Internet Ch"]
[Date "1997.??.??"]
[Round "?"]
[White "Brause"]
[Black "ELLI"]
[Result "1-0"]
[WhiteElo "2430"]
[BlackElo "2065"]
[PlyCount "35"]

1. e4 e5 2. Nf3 Nc6 3. Nc3 Nf6 4. Nxe5 Nxe5 5. d4 Nc6 6. d5 Ne5 7. f4 Ng6 8. e5
Ng8 9. d6 b6 10. Nb5 cxd6 11. exd6 Bxd6 12. Qxd6 Qe7+ 13. Qxe7+ Kxe7 14. Bd3
Bb7 15. O-O Nf6 16. Re1+ Kd8 17. Nd6 Bc6 18. Nxf7+ 1-0

[Event "?"]
[Site "ICC 3 0 08/28/97, Internet Ch"]
[Date "1997.??.??"]
[Round "?"]
[White "Brause"]
[Black "ELLI"]
[Result "1-0"]
[WhiteElo "2435"]
[BlackElo "2060"]
[PlyCount "33"]

1. e4 e5 2. Nf3 Nc6 3. Nc3 Nf6 4. Nxe5 Nxe5 5. d4 Ng6 6. e5 Ng8 7. Bc4 d6 8.
Qf3 Qe7 9. Bb5+ c6 10. Bxc6+ bxc6 11. Qxc6+ Qd7 12. Qxa8 dxe5 13. Be3 Nf6 14.
dxe5 Nxe5 15. O-O Bd6 16. Qxa7 Qxa7 17. Bxa7 1-0

[Event "?"]
[Site "ICC 3 0 08/28/97, Internet Ch"]
[Date "1997.??.??"]
[Round "?"]
[White "Brause"]
[Black "UBet"]
[Result "1-0"]
[WhiteElo "2525"]
[BlackElo "2300"]
[PlyCount "39"]

1. e4 e5 2. Nf3 Nc6 3. Nc3 Nf6 4. Nxe5 Nxe5 5. d4 Nc6 6. d5 Ne5 7. f4 Ng6 8. e5
Ng8 9. d6 cxd6 10. exd6 Qh4+ 11. g3 Qf6 12. Nb5 Kd8 13. Be3 Qe6 14. Qd4 Nf6 15.
Bc4 Qe4 16. O-O-O Qxd4 17. Rxd4 Ng4 18. Re1 Nxe3 19. Rxe3 a6 20. Bxf7 1-0

[Event "?"]
[Site "ICC 3 3 09/17/97, Internet Ch"]
[Date "1997.??.??"]
[Round "?"]
[White "Brause"]
[Black "ELLI"]
[Result "1-0"]
[WhiteElo "2645"]
[BlackElo "2075"]
[PlyCount "49"]

1. e4 e5 2. Nf3 Nc6 3. Nc3 Nf6 4. Nxe5 Nxe5 5. d4 Ng6 6. e5 Ng8 7. Bc4 Bb4 8.
Qf3 Bxc3+ 9. bxc3 f6 10. O-O Qe7 11. exf6 Qxf6 12. Qh5 d6 13. Bg5 Qf5 14. Rfe1+
Kf8 15. Bxg8 Rxg8 16. Re3 Qd5 17. Rae1 Bf5 18. Be7+ Nxe7 19. Rxe7 Be6 20. Qh4
g5 21. Qxh7 Bf7 22. Rxc7 Qxa2 23. c4 Rg7 24. Qh8+ Rg8 25. Qf6 1-0

[Event "?"]
[Site "ICC 3 8 08/27/97, Internet Ch"]
[Date "1997.??.??"]
[Round "?"]
[White "Brause"]
[Black "brit"]
[Result "1-0"]
[WhiteElo "2375"]
[BlackElo "2080"]
[PlyCount "58"]

1. e4 e5 2. Nf3 Nc6 3. Nc3 Nf6 4. Nxe5 Nxe5 5. d4 Ng6 6. e5 Ng8 7. Bc4 Bb4 8.
Qf3 f5 9. h4 Bxc3+ 10. bxc3 d5 11. Qxd5 Qxd5 12. Bxd5 c6 13. Bc4 Nf8 14. Ba3
Ne7 15. Bd6 Be6 16. Bxe6 Nxe6 17. Rb1 b6 18. O-O Kd7 19. Kh2 g6 20. a4 Nc8 21.
Ba3 Re8 22. Rbd1 Ne7 23. c4 Rad8 24. d5 Nc5 25. Bxc5 bxc5 26. Rfe1 Kc8 27. d6
Ng8 28. e6 Nf6 29. d7+ Nxd7 1-0

[Event "?"]
[Site "ICC 3 8 08/27/97, Internet Ch"]
[Date "1997.??.??"]
[Round "?"]
[White "Brause"]
[Black "brit"]
[Result "1/2-1/2"]
[WhiteElo "2380"]
[BlackElo "2075"]
[PlyCount "257"]

1. e4 e5 2. Nf3 Nc6 3. Nc3 Nf6 4. Nxe5 Nxe5 5. d4 Ng6 6. e5 Ng8 7. Bc4 Bb4 8.
Qf3 f5 9. h4 d5 10. Qxd5 Bxc3+ 11. bxc3 Qxd5 12. Bxd5 c6 13. Bc4 Nf8 14. Ba3
Ne7 15. Bd6 Be6 16. Bxe6 Nxe6 17. Rb1 b5 18. O-O Nd5 19. Rb3 Nb6 20. f3 Nc4 21.
d5 cxd5 22. Rxb5 Nxd6 23. exd6 Kd7 24. Rxd5 g6 25. Rfd1 Rhc8 26. Rb1 Rab8 27.
Rb3 Rxb3 28. cxb3 Rxc3 29. Ra5 Kxd6 30. Rxa7 h5 31. Ra6+ Ke5 32. Ra5+ Kf4 33.
Kh2 Nd4 34. b4 Rc2 35. Kh3 Rc1 36. Kh2 Rc2 37. Kh3 Ne2 38. Kh2 Rc1 39. b5 Rb1
40. Ra6 Rxb5 41. Rxg6 Rb2 42. Rg5 Rxa2 43. Rxh5 Nd4 44. Kh3 Rb2 45. Rg5 Rb1 46.
Kh2 Ke3 47. h5 f4 48. h6 Ne2 49. Rg6 Ng3 50. Kh3 Rh1+ 51. Kg4 Ne2 52. Kf5 Ng3+
53. Kg5 Rh5+ 54. Kg4 Rh2 55. Re6+ Kf2 56. Kxf4 Kxg2 57. Rg6 Rh4+ 58. Rg4 Rxh6
59. Rxg3+ Kh2 60. Rg4 Kh3 61. Ke5 Rh8 62. Rg5 Kh4 63. f4 Re8+ 64. Kd5 Rf8 65.
Ke4 Re8+ 66. Kf3 Ra8 67. Rg4+ Kh5 68. Rg2 Ra3+ 69. Ke4 Ra4+ 70. Kf5 Ra5+ 71.
Kf6 Ra6+ 72. Ke7 Ra7+ 73. Ke6 Ra6+ 74. Kf7 Ra7+ 75. Ke8 Ra8+ 76. Kd7 Ra7+ 77.
Kd6 Ra6+ 78. Ke5 Ra5+ 79. Kd4 Ra4+ 80. Kd5 Rxf4 81. Ke5 Rf1 82. Rg7 Re1+ 83.
Kf6 Rf1+ 84. Ke6 Re1+ 85. Kf5 Rf1+ 86. Ke4 Re1+ 87. Kd4 Rd1+ 88. Ke3 Re1+ 89.
Kf3 Rf1+ 90. Ke2 Rf6 91. Ke3 Rf1 92. Rg3 Rf8 93. Ke4 Rf1 94. Ke5 Rf8 95. Rg7
Rf1 96. Rg8 Rf2 97. Rg1 Rf8 98. Ke4 Rf2 99. Rg8 Rf7 100. Rg2 Rf1 101. Ke3 Rf8
102. Rg1 Re8+ 103. Kd4 Re2 104. Kd5 Re8 105. Rg7 Re1 106. Rg3 Re2 107. Rg8 Re1
108. Rg2 Re8 109. Kd4 Re1 110. Rg3 Re8 111. Rg7 Re1 112. Rg8 Re7 113. Kd3 Re6
114. Rg3 Re8 115. Rg7 Re6 116. Rg1 Re8 117. Rg2 Re7 118. Kd2 Re8 119. Rg7 Re6
120. Kd3 Rg6 121. Re7 Kg5 122. Kd4 Kf6 123. Re3 Rg5 124. Re4 Ra5 125. Re2 Ra4+
126. Kc3 Kf5 127. Rg2 Ke5 128. Kb3 Rf4 129. Rg3 1/2-1/2

[Event "?"]
[Site "ICC 3 8 08/27/97, Internet Ch"]
[Date "1997.??.??"]
[Round "?"]
[White "Brause"]
[Black "brit"]
[Result "0-1"]
[WhiteElo "2425"]
[BlackElo "2085"]
[PlyCount "168"]

1. e4 e5 2. Nf3 Nc6 3. Nc3 Nf6 4. Nxe5 Nxe5 5. d4 Ng6 6. e5 Ng8 7. Bc4 Bb4 8.
Qf3 f5 9. h4 d5 10. Qxd5 Qxd5 11. Bxd5 Bxc3+ 12. bxc3 c6 13. Bc4 Nf8 14. Ba3
Ne7 15. Bd6 Be6 16. Bb3 b5 17. O-O Bd5 18. a4 Ne6 19. axb5 cxb5 20. Rfb1 a6 21.
Kf1 Kd7 22. Bxe7 Bxb3 23. cxb3 Kxe7 24. Rd1 Rhc8 25. Rac1 Rab8 26. g3 g6 27. b4
Rc4 28. d5 Nd8 29. Rd4 Rbc8 30. Rxc4 Rxc4 31. Ra1 Rxc3 32. Rxa6 Rd3 33. Ra7+
Ke8 34. d6 Nc6 35. Rc7 Nxb4 36. Rxh7 Rd5 37. f4 Nc6 38. Rc7 Nd8 39. Rg7 b4 40.
Rxg6 b3 41. Rg8+ Kd7 42. Rg7+ Kc8 43. Rc7+ Kb8 44. Rc3 Rb5 45. Rc1 b2 46. Rb1
Ne6 47. h5 Kc8 48. h6 Nf8 49. e6 Nh7 50. Kf2 Kd8 51. Ke3 Nf6 52. h7 Nxh7 53.
Kd4 Nf6 54. Kc4 Rb6 55. Kc5 Rb8 56. Kc6 Rb3 57. g4 fxg4 58. f5 g3 59. Kc5 g2
60. Kd4 g1=Q+ 61. Rxg1 b1=Q 62. Rxb1 Rxb1 63. Ke5 Ne8 64. Kd4 Nxd6 65. Ke5 Ne8
66. Kf4 Ke7 67. Kg5 Rg1+ 68. Kf4 Kf6 69. e7 Kxe7 70. Ke5 Nf6 71. Kd4 Kd6 72.
Ke3 Ke5 73. Kd3 Rg4 74. Kc3 Kd5 75. Kd2 Rg3 76. Kc2 Kd4 77. Kb2 Kc4 78. Kc2
Rg2+ 79. Kd1 Kd3 80. Ke1 Ra2 81. Kf1 Ke3 82. Kg1 Kf3 83. Kh1 Kg3 84. Kg1 Ra1#
0-1

[Event "?"]
[Site "ICC 3 8 08/28/97, Internet Ch"]
[Date "1997.??.??"]
[Round "?"]
[White "Brause"]
[Black "brit"]
[Result "1-0"]
[WhiteElo "2385"]
[BlackElo "2095"]
[PlyCount "131"]

1. e4 e5 2. Nf3 Nc6 3. Nc3 Nf6 4. Nxe5 Nxe5 5. d4 Ng6 6. e5 Ng8 7. Bc4 Bb4 8.
Qf3 f5 9. h4 d5 10. Bb3 c6 11. Qg3 Qc7 12. a3 Bxc3+ 13. Qxc3 N8e7 14. h5 Nf8
15. h6 g6 16. Be3 Ne6 17. g3 O-O 18. O-O-O Bd7 19. Qb4 Rae8 20. Rh4 b5 21. Kb1
a5 22. Qe1 Kh8 23. Rd3 Rg8 24. Qd2 Ref8 25. Rh1 Nc8 26. Ba2 Nb6 27. Qxa5 Ra8
28. Qb4 Rge8 29. Rhd1 Nc4 30. Bxc4 bxc4 31. R3d2 Rab8 32. Qc3 Rb5 33. Ka2 Reb8
34. Rb1 Be8 35. Rdd1 Qa7 36. Rdc1 Qb7 37. Re1 c5 38. dxc5 Rd8 39. Bd4 Kg8 40.
b4 cxb3+ 41. cxb3 Ng5 42. Rbd1 Ne4 43. Qe3 Rc8 44. b4 Ra8 45. Rb1 Bc6 46. Rg1
Rxb4 47. Qd3 Rxb1 48. Rxb1 Qc7 49. Rb6 Ng5 50. Qe3 Ne6 51. Bc3 Ra4 52. Bb4 Qd7
53. Rb8+ Kf7 54. Rh8 Nf8 55. e6+ Qxe6 56. Rxf8+ Ke7 57. Rh8 d4+ 58. Qxe6+ Kxe6
59. Rxh7 d3 60. Rg7 Rxb4 61. axb4 d2 62. Rxg6+ Ke5 63. f4+ Ke4 64. Re6+ Kf3 65.
Rd6 Ke2 66. h7 1-0

[Event "?"]
[Site "ICC 3 0 10/01/97, Internet Ch"]
[Date "1997.??.??"]
[Round "?"]
[White "evbad"]
[Black "fide2280"]
[Result "0-1"]
[WhiteElo "2510"]
[BlackElo "2565"]
[PlyCount "58"]

1. e4 e5 2. Nf3 Nc6 3. Nc3 Nf6 4. Nxe5 Nxe5 5. d4 Ng6 6. e5 Ng8 7. Bc4 d6 8.
Qf3 Qd7 9. O-O c6 10. exd6 Bxd6 11. Re1+ Kf8 12. d5 Nf6 13. Bg5 Ne5 14. Qe2
Nxc4 15. Bxf6 gxf6 16. Qxc4 Rg8 17. Rad1 c5 18. Nb5 Rg6 19. Re3 a6 20. Nxd6
Qxd6 21. Rde1 Bd7 22. Qh4 Kg7 23. c4 b5 24. b3 bxc4 25. bxc4 Rb8 26. f4 Rb4 27.
f5 Bxf5 28. Re8 Qxd5 29. Qf2 Qd4 0-1

[Event "?"]
[Site "ICC 3 0 11/12/97, Internet Ch"]
[Date "1997.??.??"]
[Round "?"]
[White "Brause"]
[Black "KINGMICHAEL"]
[Result "1-0"]
[WhiteElo "2445"]
[BlackElo "2095"]
[PlyCount "37"]

1. Nc3 e5 2. Nf3 Nc6 3. e4 Nf6 4. Nxe5 Nxe5 5. d4 Ng6 6. e5 Ng8 7. Bc4 Bb4 8.
Qf3 Qe7 9. O-O d6 10. Nd5 Qd7 11. Nxb4 Nh6 12. exd6 cxd6 13. Bxh6 gxh6 14.
Rae1+ Kf8 15. Qf6 b5 16. Bd5 Rb8 17. Nc6 Rb6 18. Ne7 Nxe7 19. Qxf7# 1-0

[Event "?"]
[Site "ICC 3 0 12/30/97, Internet Ch"]
[Date "1997.??.??"]
[Round "?"]
[White "evbad"]
[Black "jcking"]
[Result "1-0"]
[WhiteElo "2525"]
[BlackElo "2460"]
[PlyCount "62"]

1. e4 e5 2. Nf3 Nc6 3. Nc3 Nf6 4. Nxe5 Nxe5 5. d4 Ng6 6. e5 Ng8 7. Bc4 d5 8.
Bxd5 Bb4 9. Be4 N8e7 10. O-O O-O 11. f4 Nh4 12. Ne2 f5 13. Bd3 c6 14. c3 Ba5
15. Be3 Be6 16. a3 Bd5 17. Rf2 Neg6 18. c4 Be4 19. b4 Bc7 20. Nc3 Bxg2 21. Rxg2
Nxg2 22. Kxg2 Qh4 23. Qf3 Rad8 24. Qg3 Qe7 25. d5 cxd5 $10 26. Nxd5 Qf7 27. Rd1
Kh8 28. Bc5 Rfe8 29. h4 b6 30. Be3 Ne7 31. Nxc7 Nc6 1-0

[Event "?"]
[Site "ICC 3 0 07/20/97, Internet Ch"]
[Date "1997.??.??"]
[Round "?"]
[White "Dorobanov"]
[Black "fide2280"]
[Result "0-1"]
[WhiteElo "2510"]
[BlackElo "2595"]
[PlyCount "44"]

1. e4 e5 2. Nf3 Nc6 3. Nc3 Nf6 4. Nxe5 Nxe5 5. d4 Nc6 6. e5 Ng8 7. d5 Nxe5 8.
Qd4 d6 9. Be3 Nf6 10. O-O-O g6 11. Re1 Be7 12. Bh6 c5 13. dxc6 bxc6 14. f4 c5
15. Bb5+ Bd7 16. Qa4 Neg4 17. Bxd7+ Qxd7 18. Rxe7+ Kxe7 19. Re1+ Kd8 20. Qa5+
Qc7 21. Qa6 Nxh6 22. Nb5 Qb6 0-1